Normal view
MARC view
- MECHANICAL EQUIPMENT FOR BUILDINGS ELECTRICAL EQUIPMENT FOR BUILDINGS
Entry Topical Term
001 - CONTROL NUMBER
- control field: 79559
003 - CONTROL NUMBER IDENTIFIER
- control field: NUST
005 - DATE AND TIME OF LATEST TRANSACTION
- control field: 20210628210458.0
008 - FIXED-LENGTH DATA ELEMENTS
- fixed length control field: 210628|| aca||aabn | a|a d
040 ## - CATALOGING SOURCE
- Original cataloging agency: NUST
- Transcribing agency: NUST
150 ## - HEADING--TOPICAL TERM
- Topical term or geographic name entry element: MECHANICAL EQUIPMENT FOR BUILDINGS ELECTRICAL EQUIPMENT FOR BUILDINGS
670 ## - SOURCE DATA FOUND
- Source citation: Work cat.: (NUST): Stein, Benjamin Mcguinness, William.J 79558, Mechanical and electrical equipment for buildings, 1971
